000
00326nam a2200145Ia 4500
008
240112s2012 xx 000 0 und d
022
_a
900036
041
_a
eng
082
_a
614.05
100
_a
SHIPP .M
245
_a
AMERICAN JOU OF PUBLIC HEALTH
260
_b
APHA
_c
2012
300
_a
1-765
_c
42008
440
_v
102
999
_c
1143717
_d
1143717